| 000 | 00943nam a22002055i 4500 | ||
|---|---|---|---|
| 001 | 162148 | ||
| 003 | ES-MaACL | ||
| 005 | 20250930063142.0 | ||
| 008 | 990505s1864 sp |||| | spa d | ||
| 040 |
_aAN _bspa _cAN |
||
| 100 | 0 |
_aPina, Mariano, _d1820-1883 _992066 |
|
| 245 | 1 | 4 |
_aLos dioses del Olimpo _b: zarzuela en tres actos y en verso / _cletra de D. Mariano Pina ; música de M. Offenbach. |
| 260 |
_aMadrid : _bCentro General de Administracion, _c1864 ( _fImp. de Cristóbal Gonzalez) |
||
| 300 |
_a76 p. ; _c18 cm. |
||
| 500 | _aRepresentada por primera vez en Madrid en el Teatro de la Zarzuela, el 27 de marzo de 1864. | ||
| 500 | _aSolo la letra. | ||
| 700 | 0 |
_aOffenbach, Jacques. _986559 |
|
| 852 |
_aES-MaACL _jD-1748(7) _z-- Enc. hol. conservando la cub. original _z-- Legado M. de La Fuente _z-- Enc. en un vol. facticio _z.- Dedicatoria autógrafa del autor a Vicente Caltañazor |
||
| 999 |
_c162148 _d162148 |
||